000 00692nam a2200217Ii 4500
003 JO-AjNU
008 230605s9999||||xx |||||||||||||| ||und||
017 _a112/9/3432
020 _a978-9957-519-18-6
040 _aJO-AjNU
_bara
_erda
_cJO-AjNU
041 _aara
050 1 4 _aRG101 2012
100 3 _aنعوش، شذى احمد ,
_eauthor
_950193
245 0 0 _aالدليل الصحي للمراة بعد الثلاثين
264 3 1 _aعمان :دار الخليج للنشر ،2012
300 _a144ص
336 _atext
_btxt
_2rdacontent
337 _aunmediated
_bn
_2rdamedia
338 _avolume
_bnc
_2rdacarrier
650 4 _aالدليل الصحي - المراة
_950194
999 _aA22095
_c25663
_d25663